[Event "Chessemy Open 2022"]
[Site "Reinstorf"]
[Date "2022.02.04"]
[Round "7.14"]
[White "Niemann, Leon"]
[Black "Zoellner, Bente"]
[Result "1-0"]
[WhiteElo "1804"]
[BlackElo "1562"]
[Annotator "NA RC"]
[PlyCount "85"]
[EventDate "2022.01.29"]
[EventType "swiss"]
[EventCountry "GER"]
[SourceTitle "playchess.com"]
[Source "ChessBase"]
[SourceQuality "1"]

1. e4 c5 2. Nf3 Nc6 3. d4 cxd4 4. Nxd4 Nf6 5. Nc3 e5 6. Ndb5 d6 7. Bg5 a6 8. Na3 b5 9. Nd5 Be7 10. Bxf6 Bxf6 11. c4 b4 12. Nc2 a5 13. g3 Bg5 14. h4 Bh6 15. Bh3 Be6 16. Kf1 O-O 17. Kg2 Ne7 18. Nxe7+ Qxe7 19. b3 Rad8 20. a3 bxa3 21. Rxa3 Qb7 22. Qd3 Qb6 23. Rf1 Qc5 24. Raa1 Ra8 25. f4 Bxh3+ 26. Kxh3 Qc8+ 27. f5 Qc5 28. f6 Qc8+ 29. g4 Bf4 30. fxg7 Kxg7 31. Ne3 Bxe3 32. Qxe3 Qe6 33. Rf5 f6 34. Rh5 Rh8 35. Qh6+ Kf7 36. Rf1 Rab8 37. Rhf5 Rxb3+ 38. Kh2 Rb2+ 39. Kh1 Qxc4 40. Qxf6+ Ke8 41. Qxh8+ Ke7 42. Qg7+ Ke6 43. Qf7# 1-0

[Event "Chessemy Open 2022"]
[Site "Reinstorf"]
[Date "2022.02.04"]
[Round "7.15"]
[White "Chennaoui, Yasin"]
[Black "Sreyas Payyappat"]
[Result "0-1"]
[WhiteElo "2123"]
[BlackElo "2250"]
[Annotator "TA"]
[PlyCount "130"]
[EventDate "2022.01.29"]
[EventType "swiss"]
[EventCountry "GER"]
[SourceTitle "playchess.com"]
[Source "ChessBase"]
[SourceQuality "1"]

1. g3 Nf6 2. Bg2 c5 3. e4 Nc6 4. Ne2 g6 5. O-O d6 6. d3 Bg7 7. c4 O-O 8. Nbc3 Nd4 9. Rb1 Nd7 10. a3 Ne5 11. Nxd4 cxd4 12. Ne2 Nd7 13. Nf4 Rb8 14. b4 b5 15. cxb5 Rxb5 16. a4 Rb8 17. Ba3 Ne5 18. b5 a6 19. Ne2 axb5 20. Nxd4 Bg4 21. Qb3 bxa4 22. Qxa4 Rxb1 23. Rxb1 Nxd3 24. Nc6 Qd7 25. Qa6 Ne5 26. Nxe5 Bxe5 27. Rb7 Qc8 28. h3 Bxh3 29. Bxh3 Qxh3 30. Rxe7 Rb8 31. Rb7 Rxb7 32. Qxb7 Qg4 33. Kg2 h5 34. Qb8+ Kh7 35. Bxd6 Qxe4+ 36. Kh2 Bd4 37. Qc7 Qf3 38. Qc2 Bxf2 39. Qc4 Be3 40. Bf4 Qf2+ 41. Kh3 Kg7 42. Be5+ Kh6 43. Bf4+ Bxf4 44. gxf4 h4 45. Qc3 Kh7 46. f5 Qg3+ 47. Qxg3 hxg3 48. fxg6+ Kxg6 49. Kxg3 Kg5 50. Kf3 Kf5 51. Ke3 Kg4 52. Kf2 Kf4 53. Kg2 f6 54. Kf2 f5 55. Ke2 Kg3 56. Kf1 Kf3 57. Ke1 Kg2 58. Ke2 f4 59. Kd1 f3 60. Ke1 f2+ 61. Ke2 f1=Q+ 62. Ke3 Qe1+ 63. Kd4 Qe6 64. Kd3 Qd5+ 65. Ke3 Kg3 0-1

[Event "Chessemy Open 2022"]
[Site "Reinstorf"]
[Date "2022.02.04"]
[Round "7.15"]
[White "Krause, Marianne"]
[Black "Bonatis, Reiner"]
[Result "1-0"]
[WhiteElo "1548"]
[BlackElo "1713"]
[Annotator "NA RC"]
[PlyCount "45"]
[EventDate "2022.01.29"]
[EventType "swiss"]
[EventCountry "GER"]
[SourceTitle "playchess.com"]
[Source "ChessBase"]
[SourceQuality "1"]

1. d4 Nf6 2. Nf3 d5 3. e3 e6 4. Bd3 c5 5. b3 Nc6 6. Bb2 b6 7. Nbd2 Nb4 8. Be2 Bb7 9. a3 Nc6 10. Bd3 cxd4 11. exd4 Bd6 12. Ne5 Qc7 13. f4 Ne7 14. O-O Nf5 15. Qe2 O-O 16. Rf3 a6 17. Rh3 g6 18. g4 Ng7 19. Rh6 b5 20. Qg2 Bc8 21. Qh3 Ra7 22. Ndf3 Be7 23. Ng5 1-0

[Event "Chessemy Open 2022"]
[Site "Reinstorf"]
[Date "2022.02.04"]
[Round "7.16"]
[White "Hoffmann, Hendrik"]
[Black "Kaeding, Rainer"]
[Result "1/2-1/2"]
[WhiteElo "2245"]
[BlackElo "2095"]
[Annotator "TA"]
[PlyCount "40"]
[EventDate "2022.01.29"]
[EventType "swiss"]
[EventCountry "GER"]
[SourceTitle "playchess.com"]
[Source "ChessBase"]
[SourceQuality "1"]

1. e4 c5 2. Nf3 e6 3. d4 cxd4 4. Nxd4 Nc6 5. Nc3 Qc7 6. Nb3 a6 7. Bd3 b5 8. O-O Nf6 9. f4 d6 10. Qf3 Bb7 11. Bd2 Be7 12. Rae1 b4 13. Nd1 O-O 14. Qh3 e5 15. f5 a5 16. g4 a4 17. Nc1 h6 18. Rf3 Nh7 19. Qh5 Nd4 20. Rf2 Ng5 1/2-1/2

[Event "Chessemy Open 2022"]
[Site "Reinstorf"]
[Date "2022.02.04"]
[Round "7.16"]
[White "Ebeling, Hans-Juergen"]
[Black "Cordts, Elof"]
[Result "0-1"]
[WhiteElo "1538"]
[BlackElo "1676"]
[Annotator "NA RC"]
[PlyCount "126"]
[EventDate "2022.01.29"]
[EventType "swiss"]
[EventCountry "GER"]
[SourceTitle "playchess.com"]
[Source "ChessBase"]
[SourceQuality "1"]

1. e4 c5 2. Nc3 d6 3. f4 e6 4. Nf3 Nc6 5. Bb5 Bd7 6. O-O a6 7. Be2 Nf6 8. d4 cxd4 9. Nxd4 Be7 10. Be3 Qc7 11. a3 O-O 12. Rc1 Rac8 13. Nf3 Na5 14. Nd2 b5 15. Bd3 Nb7 16. Nb3 Nc5 17. Nxc5 dxc5 18. e5 Ne8 19. Qh5 g6 20. Qh6 f5 21. Rf3 Rf7 22. Rg3 Bc6 23. h4 Bf8 24. Qh5 Rg7 25. Qd1 Rd8 26. Qe1 Bb7 27. Be2 c4 28. Qf2 Qc8 29. Bf3 Bxf3 30. Qxf3 Bc5 31. Rd1 Bxe3+ 32. Qxe3 Rxd1+ 33. Nxd1 Qd8 34. Nc3 Qxh4 35. Rh3 Qd8 36. Qf3 Qd4+ 37. Qf2 Rd7 38. Rf3 Kg7 39. Qxd4 Rxd4 40. Rf2 h6 41. g3 g5 42. Kf1 Kg6 43. Ke2 h5 44. Ke3 Rd7 45. b3 cxb3 46. cxb3 Nc7 47. Rc2 g4 48. b4 h4 49. gxh4 Kh5 50. a4 bxa4 51. Ra2 g3 52. Rxa4 Kxh4 53. Ra1 Kg4 54. Rg1 Kh3 55. Rh1+ Kg2 56. Rh6 Rg7 57. Ke2 Rd7 58. Ke1 Kf3 59. Ne2 Rg7 60. Rh3 Rg6 61. Kf1 Nd5 62. Ng1+ Kg4 63. Ne2 Kxh3 0-1

[Event "Chessemy Open 2022"]
[Site "Reinstorf"]
[Date "2022.02.04"]
[Round "7.17"]
[White "Kugler, Florian"]
[Black "Monninger, Moritz"]
[Result "1/2-1/2"]
[WhiteElo "2222"]
[BlackElo "2064"]
[Annotator "TA"]
[PlyCount "87"]
[EventDate "2022.01.29"]
[EventType "swiss"]
[EventCountry "GER"]
[SourceTitle "playchess.com"]
[Source "ChessBase"]
[SourceQuality "1"]

1. d4 d5 2. Nf3 Nf6 3. g3 Bg4 4. Bg2 Nbd7 5. Ne5 Bf5 6. c4 c6 7. cxd5 cxd5 8. Nc3 e6 9. Bg5 Be7 10. O-O O-O 11. Qb3 h6 12. Bxf6 Bxf6 13. e4 dxe4 14. Rfd1 Qc8 15. Nxe4 Bxe5 16. dxe5 Bxe4 17. Bxe4 Nc5 18. Qe3 Nxe4 19. Qxe4 Rd8 20. Rxd8+ Qxd8 21. Qxb7 Rb8 22. Qxa7 Rxb2 23. a4 Qd5 24. Qe3 Rd2 25. Qe1 Qd4 26. Rb1 g6 27. a5 Ra2 28. h4 Kg7 29. Rd1 Qa4 30. Kg2 Qxa5 31. Qe3 Qa8+ 32. Kg1 Ra1 33. Rxa1 Qxa1+ 34. Kh2 Qb1 35. g4 Qb7 36. h5 gxh5 37. gxh5 Qe7 38. Kh3 Qb7 39. Qg3+ Kh7 40. Kg4 Qe4+ 41. Qf4 Qg2+ 42. Qg3 Qe4+ 43. Qf4 Qg2+ 44. Qg3 1/2-1/2

[Event "Chessemy Open 2022"]
[Site "Reinstorf"]
[Date "2022.02.04"]
[Round "7.17"]
[White "Uhlenbrock, Sven"]
[Black "Back, Andreas"]
[Result "1/2-1/2"]
[WhiteElo "1629"]
[BlackElo "1454"]
[Annotator "NA RC"]
[PlyCount "28"]
[EventDate "2022.01.29"]
[EventType "swiss"]
[EventCountry "GER"]
[SourceTitle "playchess.com"]
[Source "ChessBase"]
[SourceQuality "1"]

1. d4 Nf6 2. Bf4 d5 3. e3 Bg4 4. Nf3 e6 5. Nbd2 Be7 6. Bd3 Nh5 7. O-O Nxf4 8. exf4 Bd6 9. g3 O-O 10. c3 Nd7 11. Qb1 Qf6 12. Ne5 Bxe5 13. dxe5 Qh6 14. Re1 Qh5 1/2-1/2

[Event "Chessemy Open 2022"]
[Site "Reinstorf"]
[Date "2022.02.04"]
[Round "7.18"]
[White "Himpenmacher, Andy"]
[Black "Labruyere, Roger"]
[Result "0-1"]
[WhiteElo "2191"]
[BlackElo "2024"]
[Annotator "TA"]
[PlyCount "86"]
[EventDate "2022.01.29"]
[EventType "swiss"]
[EventCountry "GER"]
[SourceTitle "playchess.com"]
[Source "ChessBase"]
[SourceQuality "1"]

1. d4 Nf6 2. Nf3 b6 3. Bf4 Bb7 4. e3 Nh5 5. Bd3 Nxf4 6. exf4 g6 7. O-O Bg7 8. c3 O-O 9. Nbd2 d6 10. Re1 Nd7 11. Be4 Bxe4 12. Nxe4 e6 13. Qa4 Nf6 14. Nxf6+ Qxf6 15. Qc6 Rac8 16. g3 Qf5 17. Re2 Bf6 18. Kg2 h5 19. h3 Kg7 20. h4 Rfd8 21. Rd1 a5 22. Nh2 a4 23. Nf1 Qa5 24. Qf3 d5 25. Ne3 c5 26. Nc2 cxd4 27. Nxd4 Bxd4 28. Rxd4 a3 29. b4 Qb5 30. Re3 Rc4 31. Qd1 Qc6 32. Qb3 Qa8 33. Red3 Rdc8 34. Qb1 Rxc3 35. Rxc3 Rxc3 36. Qa1 Qc6 37. Rd1 Kg8 38. f5 exf5 39. Kh2 f4 40. Rd2 fxg3+ 41. fxg3 Rc2 42. Qd4 Rxd2+ 43. Qxd2 Qc4 0-1

[Event "Chessemy Open 2022"]
[Site "Reinstorf"]
[Date "2022.02.04"]
[Round "7.18"]
[White "Hassinger, Jan Lucian"]
[Black "Fernandez Garcia, Alfonso Javier"]
[Result "0-1"]
[WhiteElo "1522"]
[BlackElo "1619"]
[Annotator "NA RC"]
[PlyCount "101"]
[EventDate "2022.01.29"]
[EventType "swiss"]
[EventCountry "GER"]
[SourceTitle "playchess.com"]
[Source "ChessBase"]
[SourceQuality "1"]

1. d4 Nf6 2. Nf3 g6 3. Bg5 Bg7 4. c4 O-O 5. Nc3 d6 6. e4 Nbd7 7. Be2 e5 8. Qd2 c6 9. O-O Qc7 10. Rab1 a5 11. a3 Re8 12. dxe5 dxe5 13. Rfd1 Nc5 14. Qe3 Ne6 15. Bxf6 Bxf6 16. g3 Nd4 17. Bf1 Bg4 18. Bg2 Qe7 19. h3 Nxf3+ 20. Bxf3 Bg5 21. Qe2 Bxh3 22. Rd3 Be6 23. Rdd1 Qc5 24. Na4 Qxc4 25. Qxc4 Bxc4 26. Nb6 Bb3 27. Nxa8 Bxd1 28. Rxd1 Rxa8 29. Rd7 b5 30. Rb7 Bc1 31. a4 Bxb2 32. axb5 cxb5 33. Rxb5 Bd4 34. Be2 Kf8 35. Bc4 Ra7 36. Bd5 h5 37. Kg2 a4 38. Rb8+ Ke7 39. Rb7+ Rxb7 40. Bxb7 a3 41. Bd5 f6 42. Kf3 Kd6 43. Bf7 Kc5 44. Ke2 Kb4 45. f4 Kc3 46. Kf3 Kb2 47. g4 hxg4+ 48. Kxg4 exf4 49. Kxf4 g5+ 50. Kg4 a2 51. Bxa2 0-1

[Event "Chessemy Open 2022"]
[Site "Reinstorf"]
[Date "2022.02.04"]
[Round "7.19"]
[White "Muedder, Rafael"]
[Black "Wronn, Bernd"]
[Result "1-0"]
[WhiteElo "2035"]
[BlackElo "2178"]
[Annotator "TA"]
[PlyCount "99"]
[EventDate "2022.01.29"]
[EventType "swiss"]
[EventCountry "GER"]
[SourceTitle "playchess.com"]
[Source "ChessBase"]
[SourceQuality "1"]

1. e4 c6 2. Nf3 d5 3. Nc3 Nf6 4. exd5 cxd5 5. d4 Nc6 6. Bb5 Bg4 7. h3 Bxf3 8. Qxf3 e6 9. O-O Bd6 10. Ne2 Qb6 11. Bxc6+ bxc6 12. Rb1 O-O 13. c3 Ne4 14. Qd3 Rac8 15. Be3 Bb8 16. c4 Qa6 17. b3 Nd6 18. Rfc1 Rfd8 19. Qc2 dxc4 20. bxc4 Nf5 21. Rd1 Nxe3 22. fxe3 Qa3 23. Rb3 Qd6 24. c5 Qh2+ 25. Kf2 Rd5 26. e4 Rg5 27. Rg1 h5 28. Qc1 Rg6 29. e5 Rf8 30. Qf4 Qxf4+ 31. Nxf4 Rg5 32. Rb7 Rf5 33. Ke3 Rc8 34. Rgb1 Bc7 35. Rxa7 Bd8 36. g4 hxg4 37. hxg4 Rg5 38. Kf3 f5 39. Nxe6 fxg4+ 40. Kf4 Rg6 41. Kf5 Rh6 42. Rxg7+ Kh8 43. Rxg4 Ba5 44. Rb7 Re8 45. Ng5 Rf8+ 46. Rf7 Rb8 47. Rf6 Rh1 48. Nf7+ Kh7 49. Rfg6 Re8 50. Rg7# 1-0

[Event "Chessemy Open 2022"]
[Site "Reinstorf"]
[Date "2022.02.04"]
[Round "7.19"]
[White "Wetterling, Manfred"]
[Black "Rotaermel, Leonie"]
[Result "0-1"]
[WhiteElo "1619"]
[BlackElo "1427"]
[Annotator "NA RC"]
[PlyCount "50"]
[EventDate "2022.01.29"]
[EventType "swiss"]
[EventCountry "GER"]
[SourceTitle "playchess.com"]
[Source "ChessBase"]
[SourceQuality "1"]

1. c4 e5 2. g3 Nf6 3. Bg2 c6 4. Nc3 Be7 5. e3 d5 6. b3 e4 7. Nge2 Nbd7 8. cxd5 cxd5 9. Nf4 Ne5 10. O-O Bg4 11. Qc2 Rc8 12. Nfxd5 Nxd5 13. Qxe4 Nxc3 14. dxc3 Qc7 15. Bb2 Be2 16. Rfe1 Ba6 17. c4 f6 18. f4 Ng6 19. Rad1 O-O 20. Qe6+ Kh8 21. Rd7 Qa5 22. Ra1 Qb4 23. a3 Qxb3 24. Bd4 Bxc4 25. Qh3 Be6 0-1

[Event "Chessemy Open 2022"]
[Site "Reinstorf"]
[Date "2022.02.04"]
[Round "7.20"]
[White "Koellner, Christof"]
[Black "Koellner, Aaron Noah"]
[Result "0-1"]
[WhiteElo "2122"]
[BlackElo "2155"]
[Annotator "TA"]
[PlyCount "110"]
[EventDate "2022.01.29"]
[EventType "swiss"]
[EventCountry "GER"]
[SourceTitle "playchess.com"]
[Source "ChessBase"]
[SourceQuality "1"]

1. d4 Nf6 2. Nf3 b6 3. Nbd2 Bb7 4. e3 e6 5. Bd3 c5 6. b3 cxd4 7. exd4 Nd5 8. Nb1 Bb4+ 9. Bd2 Bd6 10. c4 Nf4 11. Bf1 Qf6 12. g3 Nd3+ 13. Bxd3 Bxf3 14. Bg5 Bb4+ 15. Kf1 Bxd1 16. Bxf6 gxf6 17. Be4 Nc6 18. a3 Bd6 19. Nd2 Bh5 20. d5 exd5 21. Bxd5 O-O-O 22. f4 f5 23. Nf3 Rde8 24. Nh4 Nd4 25. b4 Be7 26. Ng2 Bf6 27. Ra2 Re7 28. Kf2 Rhe8 29. Re1 Ne2 30. Rc2 Bd4+ 31. Kf1 Nc3 32. Rxe7 Rxe7 33. Nh4 Be2+ 34. Kg2 Bd3 35. Rd2 Re2+ 36. Rxe2 Nxe2 37. Bxf7 a5 38. bxa5 bxa5 39. Bg8 a4 40. Bxh7 Bc5 41. Bxf5 Bxc4 42. Ng6 Bxa3 43. Ne5 Bb5 44. h4 Bf8 45. Bc2 a3 46. Bb3 Nc3 47. g4 d6 48. Ng6 Bc6+ 49. Kh3 Bd5 50. Bxd5 Nxd5 51. Nxf8 a2 52. f5 a1=Q 53. g5 Qg1 54. Ne6 Ne3 55. f6 Qg2# 0-1

[Event "Chessemy Open 2022"]
[Site "Reinstorf"]
[Date "2022.02.04"]
[Round "7.21"]
[White "Ramme, Christoph"]
[Black "Lau, Felix"]
[Result "1-0"]
[WhiteElo "2140"]
[BlackElo "1927"]
[Annotator "TA"]
[PlyCount "103"]
[EventDate "2022.01.29"]
[EventType "swiss"]
[EventCountry "GER"]
[SourceTitle "playchess.com"]
[Source "ChessBase"]
[SourceQuality "1"]

1. d4 d5 2. c4 e6 3. Nf3 c6 4. Qc2 Nf6 5. g3 Bd6 6. Bg2 Nbd7 7. Nbd2 e5 8. dxe5 Nxe5 9. Nxe5 Bxe5 10. Nf3 Bc7 11. O-O dxc4 12. Qxc4 Be6 13. Qb4 Bb6 14. Ng5 Qe7 15. Qxe7+ Kxe7 16. Nxe6 Kxe6 17. b3 Nd5 18. Bh3+ Ke7 19. Ba3+ c5 20. Rfc1 Nb4 21. Bb2 f6 22. Bg2 Rad8 23. a3 Nc6 24. Bxc6 bxc6 25. Rd1 g6 26. Kf1 Rhe8 27. e4 Ke6 28. Ke2 Bc7 29. Rxd8 Rxd8 30. Rc1 Bd6 31. Bc3 f5 32. f3 h5 33. Bd2 fxe4 34. fxe4 h4 35. gxh4 Rb8 36. Rc3 Bxh2 37. Rxc5 Rxb3 38. Rxc6+ Ke5 39. Ra6 Kxe4 40. Rxa7 Bg3 41. Ra6 Kf5 42. Bg5 Be5 43. a4 Rb4 44. Kd3 Bg3 45. Be7 Rg4 46. Ra8 Bxh4 47. Bc5 Bf6 48. a5 Ke6 49. a6 Kd5 50. a7 Ra4 51. Be3 Ra3+ 52. Ke2 1-0

[Event "Chessemy Open 2022"]
[Site "Reinstorf"]
[Date "2022.02.04"]
[Round "7.22"]
[White "Gohla, Ulf"]
[Black "Ponomarev, Maximilian"]
[Result "1-0"]
[WhiteElo "2139"]
[BlackElo "2003"]
[Annotator "TA"]
[PlyCount "81"]
[EventDate "2022.01.29"]
[EventType "swiss"]
[EventCountry "GER"]
[SourceTitle "playchess.com"]
[Source "ChessBase"]
[SourceQuality "1"]

1. d4 Nf6 2. c4 e6 3. Nc3 Bb4 4. Qc2 b6 5. e4 c5 6. d5 Qe7 7. Be2 d6 8. Nf3 Bxc3+ 9. Qxc3 e5 10. Bd3 O-O 11. Bc2 h6 12. Bd2 a6 13. a3 Nh7 14. g3 Bh3 15. Nh4 Nd7 16. Nf5 Qf6 17. g4 Bxg4 18. Nxh6+ gxh6 19. Rg1 Kh8 20. Rxg4 Rg8 21. Rg3 Rxg3 22. hxg3 Ng5 23. Ke2 Re8 24. Qe3 Qg6 25. Rh1 Kg7 26. Kd1 Nf6 27. Kc1 Rh8 28. Rh4 b5 29. cxb5 axb5 30. f4 exf4 31. Qxf4 Nd7 32. Bc3+ Ne5 33. Bxe5+ dxe5 34. Qxe5+ Kg8 35. Qf4 b4 36. e5 Qb6 37. e6 fxe6 38. Rxh6 Rxh6 39. Qxg5+ Kf7 40. Qxh6 bxa3 41. Qxe6+ 1-0

[Event "Chessemy Open 2022"]
[Site "Reinstorf"]
[Date "2022.02.04"]
[Round "7.22"]
[White "Wraga, Teresa"]
[Black "Skytte, Robert"]
[Result "1/2-1/2"]
[WhiteElo "1562"]
[BlackElo "1180"]
[Annotator "NA RC"]
[PlyCount "32"]
[EventDate "2022.01.29"]
[EventType "swiss"]
[EventCountry "GER"]
[SourceTitle "playchess.com"]
[Source "ChessBase"]
[SourceQuality "1"]

1. e4 c6 2. d3 d5 3. Nd2 e5 4. Ngf3 Nf6 5. g3 Bd6 6. Bg2 O-O 7. O-O Re8 8. c3 Nbd7 9. Re1 a5 10. a4 Nc5 11. Nb3 Qb6 12. Nxc5 Bxc5 13. Be3 Bxe3 14. Rxe3 dxe4 15. dxe4 Be6 16. Nd2 Rad8 1/2-1/2

[Event "Chessemy Open 2022"]
[Site "Reinstorf"]
[Date "2022.02.04"]
[Round "7.23"]
[White "Zschiesing, Falk"]
[Black "Colbow, Collin"]
[Result "0-1"]
[WhiteElo "1961"]
[BlackElo "2322"]
[Annotator "TA"]
[PlyCount "58"]
[EventDate "2022.01.29"]
[EventType "swiss"]
[EventCountry "GER"]
[SourceTitle "playchess.com"]
[Source "ChessBase"]
[SourceQuality "1"]

1. e4 c5 2. Nf3 d6 3. d4 cxd4 4. Qxd4 Nc6 5. Qe3 g6 6. Bc4 Bg7 7. h3 Nf6 8. O-O O-O 9. Nc3 Na5 10. Be2 Qc7 11. Nb5 Qc6 12. Nxa7 Qxe4 13. Qxe4 Nxe4 14. Nxc8 Rfxc8 15. Re1 d5 16. Bd3 Nc5 17. Bb5 e6 18. Rb1 Nc4 19. a4 Nxa4 20. Bxc4 dxc4 21. Ne5 Ra5 22. f4 Rb5 23. b3 cxb3 24. c4 Bxe5 25. cxb5 Bd4+ 26. Be3 Bxe3+ 27. Rxe3 b2 28. Kf2 Rc1 29. Re1 Rxb1 0-1

[Event "Chessemy Open 2022"]
[Site "Reinstorf"]
[Date "2022.02.04"]
[Round "7.24"]
[White "Germer, Philipp"]
[Black "Albers, Andreas"]
[Result "1-0"]
[WhiteElo "2132"]
[BlackElo "1968"]
[Annotator "TA"]
[PlyCount "75"]
[EventDate "2022.01.29"]
[EventType "swiss"]
[EventCountry "GER"]
[SourceTitle "playchess.com"]
[Source "ChessBase"]
[SourceQuality "1"]

1. e4 e6 2. d4 d5 3. Nd2 c5 4. exd5 Qxd5 5. Ngf3 cxd4 6. Bc4 Qd8 7. O-O Nf6 8. Nb3 Nc6 9. Nbxd4 Qb6 10. Nb5 a6 11. Be3 Qa5 12. Nd6+ Bxd6 13. Qxd6 Ne4 14. Qf4 Nf6 15. Rad1 O-O 16. Rfe1 b5 17. Bd2 Qb6 18. Bd3 Ne7 19. Ne5 Ned5 20. Qh4 Bb7 21. Nd7 Qc6 22. Nxf8 Rxf8 23. f3 Rc8 24. Kh1 h6 25. a3 Qb6 26. b3 a5 27. c4 bxc4 28. bxc4 Qb3 29. Bxh6 Nc3 30. Rd2 Ne8 31. Bf4 Qxa3 32. Qh7+ Kf8 33. Bg5 f6 34. Bg6 Bc6 35. Qh8+ Ke7 36. Rxe6+ Kxe6 37. Qg8+ Ke5 38. f4# 1-0

[Event "Chessemy Open 2022"]
[Site "Reinstorf"]
[Date "2022.02.04"]
[Round "7.25"]
[White "Marcinczyk, Monika"]
[Black "Ermitsch, Magnus"]
[Result "0-1"]
[WhiteElo "2020"]
[BlackElo "2127"]
[Annotator "RC"]
[PlyCount "58"]
[EventDate "2022.01.29"]
[EventType "swiss"]
[EventCountry "GER"]
[SourceTitle "playchess.com"]
[Source "ChessBase"]
[SourceQuality "1"]

1. e4 c5 2. Nf3 e6 3. d4 cxd4 4. Nxd4 Nc6 5. Nc3 Qc7 6. a3 a6 7. f4 b5 8. Nxc6 Qxc6 9. Be3 Bb7 10. Qd4 Rc8 11. Be2 Nf6 12. Bf3 Bc5 13. Qd3 Bxe3 14. e5 Nd5 15. Bxd5 Bf2+ 16. Kxf2 exd5 17. Qd4 Qg6 18. Ne2 O-O 19. c3 Rc4 20. Qa7 Qc6 21. Rhg1 Re4 22. Kf1 f6 23. exf6 Qc4 24. Qf2 Rxf6 25. g3 d4 26. cxd4 Rfe6 27. Re1 Re3 28. f5 Re8 29. d5 Bxd5 0-1

[Event "Chessemy Open 2022"]
[Site "Reinstorf"]
[Date "2022.02.04"]
[Round "7.26"]
[White "Lehaci, Miruna-Daria"]
[Black "Goh, Choon Keng Philip"]
[Result "1-0"]
[WhiteElo "2200"]
[BlackElo "1960"]
[Annotator "TA"]
[PlyCount "57"]
[EventDate "2022.01.29"]
[EventType "swiss"]
[EventCountry "GER"]
[SourceTitle "playchess.com"]
[Source "ChessBase"]
[SourceQuality "1"]

1. e4 c5 2. Nf3 d6 3. d4 cxd4 4. Nxd4 Nf6 5. Nc3 Nc6 6. Bg5 e6 7. Qd2 a6 8. O-O-O Bd7 9. Kb1 Be7 10. Nxc6 Bxc6 11. f3 Qa5 12. h4 b5 13. Qf2 b4 14. Ne2 Qc7 15. Nd4 Bd7 16. g4 O-O 17. Bc1 Rfc8 18. h5 a5 19. g5 Ne8 20. g6 Bf6 21. gxf7+ Kxf7 22. f4 a4 23. e5 dxe5 24. fxe5 Qxe5 25. Nf3 Qc7 26. Rxd7+ Qxd7 27. Ne5+ Ke7 28. Nxd7 Kxd7 29. Bg2 1-0

[Event "Chessemy Open 2022"]
[Site "Reinstorf"]
[Date "2022.02.04"]
[Round "7.26"]
[White "Rick, Niklas Corvin"]
[Black "Sayas Payyappat"]
[Result "1/2-1/2"]
[WhiteElo "1490"]
[BlackElo "1223"]
[Annotator "NA RC"]
[PlyCount "74"]
[EventDate "2022.01.29"]
[EventType "swiss"]
[EventCountry "GER"]
[SourceTitle "playchess.com"]
[Source "ChessBase"]
[SourceQuality "1"]

1. d4 Nf6 2. c4 c5 3. d5 e6 4. Nc3 exd5 5. cxd5 d6 6. Nf3 g6 7. Nd2 a6 8. a4 Bg7 9. Nc4 O-O 10. Bf4 Ne8 11. e3 f5 12. h3 Qc7 13. h4 Nd7 14. h5 Ne5 15. hxg6 hxg6 16. Bh6 Bxh6 17. Rxh6 Kg7 18. Rh1 Nxc4 19. Bxc4 Nf6 20. Qf3 Bd7 21. O-O-O Rh8 22. g3 Rxh1 23. Rxh1 Rh8 24. Rxh8 Kxh8 25. Qf4 Kg7 26. b3 Nh5 27. Qg5 Nf6 28. Ne2 Qa5 29. Nf4 Be8 30. Ne6+ Kf7 31. Qh6 Qe1+ 32. Kc2 Qxf2+ 33. Kb1 Qe1+ 34. Kc2 Qf2+ 35. Kb1 Qe1+ 36. Ka2 Qd2+ 37. Kb1 Qe1+ 1/2-1/2

[Event "Chessemy Open 2022"]
[Site "Reinstorf"]
[Date "2022.02.04"]
[Round "7.27"]
[White "De Winter, Arthur"]
[Black "Hartmann, Wolfgang"]
[Result "1-0"]
[WhiteElo "2122"]
[BlackElo "1917"]
[Annotator "TA"]
[PlyCount "45"]
[EventDate "2022.01.29"]
[EventType "swiss"]
[EventCountry "GER"]
[SourceTitle "playchess.com"]
[Source "ChessBase"]
[SourceQuality "1"]

1. e4 d6 2. d4 Nf6 3. Nc3 e5 4. Nf3 exd4 5. Nxd4 Be7 6. Be3 O-O 7. Qd2 a6 8. O-O-O Nc6 9. Nxc6 bxc6 10. f3 Be6 11. g4 Nd7 12. g5 f5 13. exf5 Bxf5 14. f4 Nb6 15. h4 d5 16. Bd4 c5 17. Bf2 c6 18. Bg2 Rb8 19. Qe2 Bd6 20. Bg3 Nc4 21. Rxd5 Nxb2 22. Rxf5 Qa5 23. Qe6+ 1-0

[Event "Chessemy Open 2022"]
[Site "Reinstorf"]
[Date "2022.02.04"]
[Round "7.27"]
[White "Skopp, Jonathan"]
[Black "Bergmann, Paul"]
[Result "0-1"]
[WhiteElo "1466"]
[BlackElo "1401"]
[Annotator "NA RC"]
[PlyCount "68"]
[EventDate "2022.01.29"]
[EventType "swiss"]
[EventCountry "GER"]
[SourceTitle "playchess.com"]
[Source "ChessBase"]
[SourceQuality "1"]

1. e4 c5 2. Nc3 g6 3. f4 Bg7 4. Bc4 e6 5. Nf3 Ne7 6. d4 cxd4 7. Nxd4 O-O 8. Bb3 Nbc6 9. Nf3 b6 10. O-O Bb7 11. a3 Rc8 12. Qe1 Nd4 13. Nxd4 Bxd4+ 14. Kh1 d5 15. e5 Nf5 16. Rf3 Bc5 17. Rh3 a6 18. Ne2 b5 19. Ng3 Nd4 20. Qd2 Nxb3 21. cxb3 f5 22. exf6 Qxf6 23. Qe2 Rce8 24. Qc2 Bd6 25. Bd2 Bxf4 26. Rf1 e5 27. Ne2 Qd6 28. Nxf4 exf4 29. Qd3 Rf7 30. Bc3 d4 31. Qxd4 Qxd4 32. Bxd4 Re2 33. Rg1 Rfe7 34. Rc3 Kf7 0-1

[Event "Chessemy Open 2022"]
[Site "Reinstorf"]
[Date "2022.02.04"]
[Round "7.28"]
[White "Wolf, Andre"]
[Black "Launert, Martin"]
[Result "1-0"]
[WhiteElo "2121"]
[BlackElo "1790"]
[Annotator "TA"]
[PlyCount "83"]
[EventDate "2022.01.29"]
[EventType "swiss"]
[EventCountry "GER"]
[SourceTitle "playchess.com"]
[Source "ChessBase"]
[SourceQuality "1"]

1. e4 e5 2. Nf3 Nc6 3. Bc4 Bc5 4. c3 Nf6 5. d4 exd4 6. e5 d5 7. Bb5 Ne4 8. cxd4 Bb6 9. Nc3 Nxc3 10. bxc3 O-O 11. Bxc6 bxc6 12. O-O Re8 13. Ba3 Bf5 14. Re1 h6 15. Re3 Re6 16. Qd2 Rg6 17. Rae1 Be4 18. h3 Ba5 19. Kh2 Rb8 20. g3 Bb6 21. Rg1 Re6 22. Nh4 g5 23. f3 Bh7 24. Ng2 f6 25. Rge1 fxe5 26. Rxe5 Rxe5 27. Rxe5 Qf6 28. f4 gxf4 29. Nxf4 Ba5 30. Bb4 Bxb4 31. cxb4 Bf5 32. a3 Bd7 33. Qe2 Qf7 34. Kg2 Re8 35. Rxe8+ Bxe8 36. Qe6 Bd7 37. Qxh6 Qf5 38. Qg6+ Qxg6 39. Nxg6 Kg7 40. Ne5 Be8 41. Kf3 Kf6 42. Kf4 1-0

[Event "Chessemy Open 2022"]
[Site "Reinstorf"]
[Date "2022.02.04"]
[Round "7.29"]
[White "Gressmann, Hanna"]
[Black "Oest, Thorsten"]
[Result "1-0"]
[WhiteElo "1892"]
[BlackElo "2111"]
[Annotator "TA"]
[PlyCount "31"]
[EventDate "2022.01.29"]
[EventType "swiss"]
[EventCountry "GER"]
[SourceTitle "playchess.com"]
[Source "ChessBase"]
[SourceQuality "1"]

1. e4 c5 2. Nc3 Nc6 3. Bb5 g6 4. Bxc6 bxc6 5. d3 d5 6. Nf3 Bg7 7. O-O Rb8 8. Re1 e6 9. e5 Ne7 10. Na4 Qa5 11. b3 c4 12. dxc4 dxc4 13. Qd6 Rb7 14. Nc5 Rc7 15. Bg5 f6 16. exf6 1-0